|
|
|
|
| LEADER |
00000nas a2200000 4500 |
| 001 |
ssj0012585 |
| 003 |
WaSeSS |
| 005 |
20200512172242.0 |
| 006 |
m d |
| 007 |
cr n |
| 008 |
751101d19uu1999nyumx p s 0 a0eng c |
| 010 |
|
|
|a sn 78000834
|
| 022 |
|
|
|l 0019-3429
|y 0019-3429
|
| 035 |
|
|
|a (WaSeSS)ssj0012585
|
| 037 |
|
|
|b Davis Publications, P.O. Box 7063, Red Oak, IA 51591
|
| 040 |
|
|
|a MUL
|b eng
|c MUL
|d HUL
|d NSD
|d EBZ
|d NSD
|d OCL
|d OCLCQ
|d DHU
|d OCLCF
|d OCLCO
|d OCLCQ
|d WaSeSS
|
| 042 |
|
|
|a nsdp
|a pcc
|
| 082 |
1 |
0 |
|a 339
|2 11
|
| 210 |
0 |
|
|a Income oppor.
|b (N.Y.N.Y.)
|
| 222 |
|
0 |
|a Income opportunities
|b (New York, N.Y.)
|
| 245 |
0 |
0 |
|a Income opportunities
|h [electronic resource].
|
| 260 |
|
|
|a [New York, etc.],
|b [Davis Publications]
|
| 310 |
|
|
|a Twelve no. a year,
|b <May 1981->
|
| 321 |
|
|
|a Fourteen no. a year,
|b <Aug. 1978->
|
| 321 |
|
|
|a Monthly,
|b 19 -
|
| 506 |
|
|
|a License restrictions may limit access.
|
| 525 |
|
|
|a Special issues called: Successful home business are published in mid-March and mid-September, <1991->
|
| 650 |
|
0 |
|a Finance, Personal
|v Periodicals.
|
| 650 |
|
0 |
|a Income
|v Periodicals.
|
| 650 |
|
7 |
|a Finance, Personal.
|2 fast
|0 (OCoLC)fst00924449
|
| 650 |
|
7 |
|a Income.
|2 fast
|0 (OCoLC)fst00968635
|
| 655 |
|
0 |
|a Electronic journals.
|
| 730 |
0 |
|
|a Successful home business.
|
| 785 |
0 |
0 |
|t Income opportunities.com
|x 1530-8499
|w (DLC) 00212405
|
| 856 |
4 |
0 |
|z Full text available from Research Library: 06/01/1998 to 12/31/1998
|u https://search.proquest.com/publication/48918
|